Statistiche per Capitali degli Stati Uniti d'America

Clicka qui per fare il quiz!

Statistiche generali

  • Questo quiz è stato fatto 39 volte
  • Il punteggio medio è 27 su 50

Statistiche sulle risposte

StatoCapitale% Corretto
CaliforniaSacramento
92%
HawaiiHonolulu
85%
GeorgiaAtlanta
77%
New YorkAlbany
73%
ColoradoDenver
69%
ArizonaPhoenix
69%
FloridaTallahassee
69%
TexasAustin
65%
MassachusettsBoston
65%
IndianaIndianapolis
65%
AlaskaJuneau
65%
OklahomaOklahoma City
65%
UtahSalt Lake City
65%
IdahoBoise
62%
AlabamaMontgomery
62%
IllinoisSpringfield
62%
MontanaHelena
58%
LouisianaBaton Rouge
54%
IowaDes Moines
54%
ArkansasLittle Rock
54%
Carolina del NordRaleigh
54%
New MexicoSanta Fe
54%
MaineAugusta
50%
Dakota del NordBismarck
50%
NevadaCarson City
50%
Carolina del SudColumbia
50%
DelawareDover
50%
ConnecticutHartford
50%
TennesseeNashville
50%
OregonSalem
50%
OhioColumbus
46%
KentuckyFrankfort
46%
PennsylvaniaHarrisburg
46%
Dakota del SudPierre
46%
Rhode IslandProvidence
46%
MinnesotaSaint Paul
46%
New JerseyTrenton
46%
MarylandAnnapolis
42%
WyomingCheyenne
42%
MississippiJackson
42%
MichiganLansing
42%
NebraskaLincoln
42%
WisconsinMadison
42%
WashingtonOlympia
42%
VirginiaRichmond
42%
KansasTopeka
42%
New HampshireConcord
38%
MissouriJefferson City
38%
VermontMontpelier
38%
Virginia OccidentaleCharleston
35%

Distribuzione punteggi

Percentile per numero di risposta

Percentuale di utenti per punteggio

I tuoi punteggi nel tempo

Non hai fatto questo quiz